000 00919nas a2200301 4500
001 BR0502245
003 BR-BrBNA
005 20231205105347.0
007 ta
008 230509b bl.|||p| |||| 00| 00por d
040 _aBR-BrBNA
_bpor
_cBiblioteca Nacional de Agricultura
041 _a(Pt)
072 _aL74; L70
100 1 _aAguiar, M. da S.
100 1 _aFerigolo, J.
100 1 _aRossi Júnior, J.L.
100 1 _aGioso, M.A.
245 1 _aAtrição dental em Didelphis albiventris e Didelphis marsupialis (Marsupialia, Didelphimorphia, Didelphidae)do Sul do Brasil
650 _aGAMBÁ
650 _aDIDELPHIS MARSUPIALIS
650 _aFRATURA
650 _aDENTE
650 _aIDADE
650 _aRIO GRANDE DO SUL
773 0 _tCiência Rural (Brazil)
_xISSN 0103-8478
_g(Jul-Aug 2004), v. 34(4) p. 1127-1132
_wBR0502245
909 _a202311
_bLúcia
_c55
_dLúcia Elande
942 _2AGRIS
_n0
_cANA
999 _c182549
_d182549